| 000 | 00498cam a2200205ua 4500 | ||
|---|---|---|---|
| 001 | 7408 | ||
| 005 | 20260515114217.0 | ||
| 008 | 141209n ii |||gr||||Z||||||ben | ||
| 040 | _cMAIN | ||
| 041 | _aben | ||
| 082 | _a891.443 | ||
| 100 |
_aWells, H.J., _eAuthor. |
||
| 245 | 1 |
_aThe first man in the moon _cBy H.J. Wells |
|
| 250 | _a1st. | ||
| 260 |
_aKolkatta: _bDeb, _c1974. |
||
| 300 | _a104p. | ||
| 653 | _aEast Indo-European & Celtic literatures | ||
| 653 | _aBengali novels | ||
| 942 | _cBK | ||
| 999 |
_c6526 _d6526 |
||